Twitterユーザー数が多い国・地域 - Statistics

General Stats
  • This quiz has been taken 211 times
  • The average score is 20 of 25
Answer Stats
ユーザー数 % Correct
アメリカ 1億1130万
100%
日本 7580万
100%
ドイツ 17M
98%
インド 2730万
97%
イギリス 2590万
97%
フランス 1750万
97%
カナダ 1080万
94%
ブラジル 2290万
93%
中国 860万
93%
韓国 1130万
92%
イタリア 770万
92%
インドネシア 2710万
91%
スペイン 1250万
91%
メキシコ 1880万
90%
タイ 1460万
78%
エジプト 590万
78%
アルゼンチン 820万
76%
ベトナム 810万
75%
トルコ 2110万
74%
サウジアラビア 1740万
66%
フィリピン 1110万
64%
オランダ 930万
56%
ナイジェリア 840万
52%
シンガポール 940万
47%
香港 970万
28%
No matching quizzes found
Score Distribution
Percent of People with Each Score
Percentile by Number Answered
Your Score History
You have not taken this quiz